Normal view
MARC view
- China
Entry Geographic Name
001 - CONTROL NUMBER
- control field: 109969
003 - CONTROL NUMBER IDENTIFIER
- control field: NUST
005 - DATE AND TIME OF LATEST TRANSACTION
- control field: 20230307143817.0
008 - FIXED-LENGTH DATA ELEMENTS
- fixed length control field: 230307|| aca||aabn | a|a d
040 ## - CATALOGING SOURCE
- Original cataloging agency: NUST
- Transcribing agency: NUST
151 ## - HEADING--GEOGRAPHIC NAME
- Geographic name: China
- General subdivision: Foreign relations
- Geographic subdivision: Indo-Pacific Region
670 ## - SOURCE DATA FOUND
- Source citation: Work cat.: (NUST)0: Dar, Ghazanfar Lateef, author. 88969, War in the making :
